| 000 | 01320nam a2200241Ia 4500 | ||
|---|---|---|---|
| 003 | PE SENCICO BE | ||
| 005 | 20251020182426.0 | ||
| 008 | 200515s9999 xx 000 0 und d | ||
| 040 |
_aPE SENCICO BE _cPE SENCICO BE |
||
| 041 | _aspa | ||
| 110 | 1 |
_aPerú. _9340 _bMinisterio de Vivienda, Construcción y Saneamiento |
|
| 245 | 1 | 0 |
_aMemoria : _bV Congreso Interamericano de Vivienda / _cMinisterio de Vivienda, Construcción y Saneamiento |
| 260 |
_aLima : _bMinisterio de Vivienda, Construcción y Saneamiento ; _c1975 |
||
| 300 |
_a496 p. : _btabls. ; _c20 cm. |
||
| 500 | _aCongreso desarrollado en la ciudad de Lima en noviembre de 1975. | ||
| 505 | 0 | _aTema 1: Abaratamiento de las viviendas -- Tema 2: Políticas y acciones de renovación, rehabilitación y conservación urbana -- Tema 3. La educación superior y la problemática de la vivienda económica | |
| 520 | 3 | _aTuvo como objetivo establecer una oportunidad para el intercambio de experiencias entre los países americanos en los siguientes puntos: acceso de la población a una vivienda adecuada, tratamiento del problema de tugurización y la enseñanza superior. | |
| 650 | 1 | 0 |
_aPolítica de vivienda _92259 |
| 650 | 2 | 0 |
_aCongresos _92260 |
| 651 | 1 | 0 |
_9661 _aPerú |
| 711 | 1 |
_92261 _aV Congreso interamericano de vivienda |
|
| 942 |
_cLIB _2ddc |
||
| 999 |
_c120 _d120 |
||